000 00256nam a22001097a 4500
999 _c169546
_d169546
082 _a
_b
100 _aChhabila Kumar Meher
245 _aMuktibodh:
_bmulya aur mulyankan/
_cby Chhabila Kumar Meher.
260 _a
_b
_c2016.
650 _a
942 _cBK